20 Largest Australian Cities and Towns - Statistics

General Stats
  • This quiz has been taken 860 times
  • The average score is 14 of 20
Answer Stats
Hint Answer % Correct
4,373,433 Sydney
99%
4,181,021 Melbourne
98%
1,901,582 Perth
98%
2,143,121 Brisbane
96%
1,263,888 Adelaide
94%
119,597 Darwin
88%
418,856 Canberra
86%
605,134 Gold Coast
81%
206,560 Hobart
80%
145,003 Cairns
75%
425,895 Newcastle
74%
176,035 Townsville
61%
286,581 Wollongong
58%
181,853 Geelong
57%
86,188 Launceston
47%
90,280 Bendigo
46%
96,940 Ballarat
42%
86,274 Albury – Wodonga
35%
83,924 Mackay
31%
112,588 Toowoomba
29%
No matching quizzes found
Score Distribution
Percent of People with Each Score
Percentile by Number Answered
Your Score History
You have not taken this quiz